Statistics for One Piece - Story Arcs

Click here to take the quiz!

General Stats

  • This quiz has been taken 38 times
  • The average score is 25 of 31

Answer Stats

HintAnswer% Correct
Chapters 155-217
Episodes 92-130
Arabasta
96%
Chapters 375-430
Episodes 264-290, 293-302
and 304-312
Enies Lobby
96%
Chapters 550-580
Episodes 457-489
Marineford
96%
Chapters 69-95
Episodes 31-44
Arlong Park
92%
Chapters 42-68
Episodes 19-30
Baratie
92%
Chapters 700-801
Episodes 629-746
Dressrosa
92%
Chapters 525-549
Episodes 422-425 and
430-452
Impel Down
92%
Chapters 490-513
Episodes 385-405
Sabaody Archipelago
92%
Chapters 322-374
Episodes 229-263
Water 7
92%
Chapters 115-129
Episodes 70-77
Little Garden
88%
Chapters 1-7
Episodes 1-4
Romance Dawn
88%
Chapters 237-302
Episodes 153-195
Skypiea
88%
Chapters 442-489
Episodes 337-381
Thriller Bark
88%
Chapters 654-699
Episodes 579-589 and
591-625
Punk Hazard
83%
Chapters 825-902
Episodes 783-877
Whole Cake Island
83%
Chapters 514-524
Episodes 408-421
Amazon Lily
79%
Chapters 130-154
Episodes 78-91
Drum Island
79%
Chapters 603-653
Episodes 523-541 and
543-574
Fish-man Island
79%
Chapters 96-100
Episodes 45 and 48-53
Loguetown
79%
Chapters 22-41
Episodes 9-18
Syrup Village
79%
Chapters 106-114
Episodes 64-67
Whisky Peak
79%
Chapters 218-236
Episodes 144-152
Jaya
75%
Chapters 303-321
Episodes 207-219 and
227-228
Long Ring Long Land
75%
Chapters 8-21
Episodes 4-8
Orange Town
75%
Chapters 802-824
Episodes 751-779
Zou
75%
Chapters 598-602
Episodes 517-522
Return to Sabaody
71%
Chapters 101-105
Episodes 62-63
Reverse Mountain
71%
Chapters 431-441
Episodes 313-325
Post-Enies Lobby
67%
Chapters 903-908
878-889
Levely
58%
Chapters 909-
Episodes 890-894, 897-906
and 908-
Wano Country
54%
Chapters 581-597
Episodes 490-491 and
493-516
Post-War
50%

Score Distribution

Percentile by Number Answered

Percent of People with Each Score

Your Score History

You have not taken this quiz